000 00718nam a2200253 a 4500
008
020 _a0406002665 (pbk.)
049 _aMAIN
090 0 0 _aKD2218
100 1 _aWhish, Richard.
245 1 0 _aCompetition law /
_cRichard Whish.
250 _a4th ed.
260 _aLondon :
_bButterworths,
_cc2001.
300 _alxxix, 913 p. ;
_c25 cm.
504 _aIncludes bibliographical references.
500 _aIncludes index.
650 0 _aAntitrust law
_zGreat Britain.
650 0 _aAntitrust law
_zEuropean Union countries.
907 _a.b10131590
_b30-07-04
_c28-07-04
003
005 20230123133801.0
040 _cNUST
942 _cBOOKS
_kKD2218
999 _c154579
_d154579